000 00523nam a2200169Ia 4500
008 240729s9999 xx 000 0 und d
022 _a2357-0695
245 0 _aResearch in Oncology
260 _aEgypt
260 _bKasr Al-Ainy Center of Clinical Oncology and Nuclear Medicine
650 _a Internal medicine
650 _a Neoplasms. Tumors. Oncology. Including cancer and carcinogens
650 _aMedicine
856 _uhttps://doaj.org/toc/1139c0cd6d774129a72cfd6d688b2081
942 _2ddc
942 _cDOAJEJ
999 _c68746
_d68746
945 _a1
_bMadushi Gamage
_c1
_dMadushi Gamage